000 00521nam a2200193 a 4500
001 ASIN8188826324
003 OSt
005 20150408114142.0
008 130927s2012 xxu eng d
020 _a9789350144183
040 _aMa-Un
082 _222
_a620
100 1 _aRajput, R. K.
_937517
245 1 0 _aA Textbook of Material Science & Engineering /
_cR. K. Rajput
260 _aNew Delhi :
_bS. K. Kataria & Sons
_c2013.
300 _a1083 P.
_c25 cm
650 _a engineering
_937519
942 _2ddc
_cBOOK
999 _c31139
_d265639